00750 a2200181 45000010006000000050017000060080041000230030015000640400040000790800037001192450043001560200022001992640059002213000018002805050228002981000019005267000023005455438020260407155816.0260407a2009 arg spa dAR-UNSa-BCEJYS aAR-UNSa-BCEJYSbspacAR-UNSa-BCEJYS a336.2:323.17xFederalismo Fiscal10aFederalismo fiscal y coparticipación a978-987-660-023-1 1aBuenos Aires :bEDICON (Fondo Editorial Consejo)c2009 a99 p.c22 cm. aI. Introducción - II. Marco teórico - III. Marco histórico - IV. Marco institucional - V. Incentivos fácticos del sistema - VI. Discusión de conclusiones - VII. Apéndice: Normativa vigente - VIII. Bibliografía1 aFerro, Gustavo1 aAguerre, Magdalena